Nghiên cứu nhân tố tác động của yếu tố môi trường bên trong ảnh hưởng đến thực hiện chiến lược trách nhiệm xã hội (CSR) tại công ty cổ phần tập đoàn kỹ nghệ gỗ trường thành : Luận văn thạc sĩ - Chuyên ngành: Quản trị kinh doanh

Đã lưu trong:
书目详细资料
主要作者: Trương, Văn Tài
格式: Luận văn
语言:Undetermined
出版: Trường Đại học Công nghiệp Tp. Hồ Chí Minh 2017
主题:
标签: 添加标签
没有标签, 成为第一个标记此记录!
Thư viện lưu trữ: Trung tâm Thư viện - Trường Đại học Công nghiệp TP. Hồ Chí Minh
LEADER 00870nam a2200157Ia 4500
001 UIH_01188
008 230809s9999 xx 000 0 und d
082 |a 658.4 
100 |a Trương, Văn Tài 
245 0 |a Nghiên cứu nhân tố tác động của yếu tố môi trường bên trong ảnh hưởng đến thực hiện chiến lược trách nhiệm xã hội (CSR) tại công ty cổ phần tập đoàn kỹ nghệ gỗ trường thành : Luận văn thạc sĩ - Chuyên ngành: Quản trị kinh doanh 
245 0 |c Trương, Văn Tài 
260 |b Trường Đại học Công nghiệp Tp. Hồ Chí Minh 
260 |c 2017 
650 |a Quản trị kinh doanh; 
927 |a Luận văn 
980 |a Trung tâm Thư viện - Trường Đại học Công nghiệp TP. Hồ Chí Minh